|
|
|
|
| LEADER |
00000nab#a22000007a#4500 |
| 001 |
arbauad002620 |
| 003 |
AR-BaUAD |
| 005 |
20250711110523.0 |
| 008 |
930826|||||||||###||||||b###|0###a|spa|| |
| 040 |
|
|
|a AR-BaUAD
|c AR-BaUAD
|b spa
|
| 100 |
|
|
|a Santas, Jorge M.
|
| 245 |
|
|
|a Arquitectura de Santa Cruz de la Sierra, Bolivia /
|c Jorge M. Santas;
|
| 300 |
0 |
|
|b fot., plantas
|
| 653 |
|
|
|a ARQUITECTURA VERNACULA
|
| 653 |
|
|
|a SANTA CRUZ DE LA SIERRA
|
| 653 |
|
|
|a BOLIVIA
|
| 653 |
|
|
|a HISTORIA
|
| 653 |
|
|
|a ARQUITECTURA
|
| 653 |
|
|
|a ARQUITECTURA RELIGIOSA
|
| 773 |
0 |
|
|t ANALES DEL INSTITUTO DE ARTE AMERICANO E INVESTIGACIONES ESTÉTICAS
|g no. 5 [1952], p. 91-99
|
| 856 |
4 |
|
|u http://www.iaa.fadu.uba.ar/publicaciones/anales/Anales_05.pdf
|
| 942 |
|
|
|c ARTI
|
| 952 |
|
|
|0 0
|1 0
|4 0
|7 0
|9 47540
|a AR-BAuAD
|b AR-BAuAD
|d 2025-07-11
|l 0
|p AAQA002620
|r 2025-07-11 11:05:23
|w 2025-07-11
|y ARTI
|
| 990 |
|
|
|a AQ195
|b TD
|
| 998 |
|
|
|a AAQ
|b BIBUN76
|
| 999 |
|
|
|c 27213
|d 27213
|